00195nam a2200085Ia 4500008004100000100001800041245002800059260001300087260000900100170617s9999 xx 000 0 und d aSeller - jurg 0agood Laboratery Pratice bSpringer c2000